000 00713cam a22002175a 4500
001 L155998
008 120424s1817 xxk f 000 0 eng d
035 _a(Sirsi) u155998
041 0 _aeng
100 1 _aFowler, David Burton
245 0 4 _aThe practice of the Court of Exchequer
_bupon proceedings in equity
250 _a2nd ed., with considerable additions
260 _aLondon
_bJ. Butterworth
_aDublin
_bJ. Cooke
_c1817
300 _a2 v. : forms
_c22 cm.
520 _aLibrary holds Vol. 1 only.
583 _aCondition reviewed
_c20120620
_lcondition level 4
651 4 _aGreat Britain
_y1707-
690 _aBusiness and management
710 1 _aGreat Britain
_bCourt of Exchequer
_96048
942 _n0
999 _c113968
_d113968